00425nam a2200133Ia 4500008004100000041000800041082001700049100002300066245001900089260002900108300003200137999001500169952010700184240624s9999 xx 000 0 und d aeng a658.4022 FOR aFORSYTH DONELSON R aGROUP DYNAMICS c2007aNew DelhibThomson axxii, : 682 : p. : cm. ; 24 c8691d8691 02104070aIMTNbIMTNcRack 26-Bd2008-05-13o658.4022 FORp8691r2024-06-24 00:00:00w2024-06-24yBK